Expressions de gallinacés - Statistiques

Statistiques générales
  • Ce quiz a été pris 106 fois
  • Le résultat moyen est 12 sur 15
Statistiques - réponses
Hint Réponse % Correct
Passer du coq à ___ l'âne
94%
Qui vole un œuf vole un ___ bœuf
88%
Avoir la ___ de poule chair
88%
quand les poules auront des ___ dents
88%
Va te faire ___ un œuf cuire
83%
Etre ___ comme un coq fier
83%
Avoir la bouche en ___ de poule cul
82%
On ne fait pas ___ sans casser des œufs d'omelette
82%
Etre une poule ___ mouillée
76%
Avoir des ___ de coq jambes
71%
Etre comme un coq en ___ pâte
69%
Etre une ___ poule mère
65%
___ le caquet rabattre
64%
___ sur ses ergots monter
63%
___ dans l'œuf tuer
57%
Aucun quiz correspondant
Distribution des résultats
% des personnes avec chaque résultat
Percentile par nombre de réponses
Votre historique - résultats
Vous n’avez pas pris ce quiz